000 00411nam a2200157 i 4500
001 37612
003 ES-MaACL
005 20230906155618.0
007 t|
008 030221s1919 xxu ||||1| eng d
100 1 _aButterfield, Kenyon L.
_932965
245 1 4 _aThe farmer and the new day /
_cKenyon L. Butterfield.
260 _aNew York :
_bMacmillan,
_c1919.
300 _a311 p.
852 _aES-MaACL
_jC-2247
999 _c37612
_d37612